Qui qu'a dit ça ? - Statistiques

Statistiques générales
  • Ce quiz a été pris 229 fois
  • Le résultat moyen est 8 sur 15
Statistiques - réponses
Question Réponse % Correct
"Au Mexique, il n'y a pas le tour de France." Arielle Dombasle
100%
"J'ai une amie qui est décédée, mais pas de son plein gré." Eve Angeli
100%
"Je n’ai jamais voulu aller au Japon. Simplement parce que je n’aime pas manger du poisson. Et je sais que c’est très populaire chez vous en Afrique". Britney Spears
75%
"J'ai vraiment envie de faire baptiser Brooklyn (ndlr : son fils) mais je ne sais pas encore dans quelle religion". David Beckham
75%
"J'ai cru au Père Noël jusqu'à l'âge de 17 ans lorsqu'une personne méchante m'a dit qu'il n'existait pas." Paris Hilton
75%
"Je suis fier de mon derrière. Il est sexy, moderne et pratique". Carla Bruni
50%
" Où va-t-il avoir lieu, le Festival de Cannes cette année ?". Christina Aguilera
50%
"Certains ont l'air honnête, mais quand ils te serrent la main, tu as intérêt à recompter tes doigts." Coluche
50%
"Selon les statistiques, il y a une personne sur cinq qui est déséquilibrée. S’il y a quatre personnes autour de toi et qu’elles te semblent normales, c’est pas bon !". Jean-Claude Van Damme
50%
"Quand je regarde la télévision et que je vois tous ces enfants pauvres et affamés dans le monde, je ne peux pas m'empêcher de pleurer. En fait, j'adorerais être mince comme ça mais sans les mouches, la mort et le reste ». Mariah Carey
50%
" Je pense que le mariage gay devrait se faire entre un homme et une femme ". Arnold Schwarzenegger
25%
"Le chômage est facile à résoudre, il suffit de créer du travail." Doc Gyneco
25%
"Tu te rends compte que si on n’avait pas perdu une heure et quart, on serait là depuis une heure et quart !". Johnny Hallyday
25%
"Dieu a tout créé. Dieu a créé le racisme. Mais Dieu a aussi créé l'antiracisme. Avec tout le respect que je lui dois, Dieu est un sacré fouteur de merde." Philippe Geluck
25%
"J'adore les enfants. Je l'ai été une fois." Tom Cruise
0%
Aucun quiz correspondant
Distribution des résultats
% des personnes avec chaque résultat
Percentile par nombre de réponses
Votre historique - résultats
Vous n’avez pas pris ce quiz